000 00642cam a2200181 i 4500
005 20251208120457.0
008 250721s2008 jo gr 000 0 ara d
082 1 4 _a216.1
_bش ك ر
100 1 _aشكري، مراد
_eمعد.
245 1 2 _aالتعليق المنقول في كلام شيخ الإسلام عن أئمة الأصول /
_cإعداد مراد شكري.
250 _aالطبعة الأولى.
264 3 1 _aعمان :
_bعالم الكتب،
_c2008.
300 _a198 صفحة.
650 1 7 _aالفقه الاسلامي.
650 1 7 _aاصول الدين الاسلامي.
942 _2ddc
_cBK
999 _c1270
_d1270